Eating Your Auntie Is Wrong : (Record no. 4744)

MARC details
000 -LEADER
fixed length control field 01678nam a22002657a 4500
001 - CONTROL NUMBER
control field 4744
003 - CONTROL NUMBER IDENTIFIER
control field FISKH
005 - DATE AND TIME OF LATEST TRANSACTION
control field 20240927101528.0
008 - FIXED-LENGTH DATA ELEMENTS--GENERAL INFORMATION
fixed length control field 240927b cb ||||| |||| 00| 0 eng d
020 ## - INTERNATIONAL STANDARD BOOK NUMBER
International Standard Book Number 97800091892418
040 ## - CATALOGING SOURCE
Original cataloging agency FISKH
Language of cataloging eng
Transcribing agency FISKH
Modifying agency FISKH
082 ## - DEWEY DECIMAL CLASSIFICATION NUMBER
Classification number 390
100 ## - MAIN ENTRY--PERSONAL NAME
Personal name Arnott, Stephen
Relator term author
245 ## - TITLE STATEMENT
Title Eating Your Auntie Is Wrong :
Remainder of title The World's Strangest Customs /
Statement of responsibility, etc. by Stephen Arnott
250 ## - EDITION STATEMENT
Edition statement First published in 2004
260 ## - PUBLICATION, DISTRIBUTION, ETC.
Place of publication, distribution, etc. New York :
Name of publisher, distributor, etc. Random House ;
Date of publication, distribution, etc. 2004 .
300 ## - PHYSICAL DESCRIPTION
Extent 175 pages :
Other physical details illustrations ;
Dimensions 16 cm .
505 ## - FORMATTED CONTENTS NOTE
Formatted contents note S <br/>
520 ## - SUMMARY, ETC.
Summary, etc. Crossing continents and centuries Stephen Arnott brings us invaluable information about all kinds of bizarre regional customs - from sexual practices to the received wisdom on cannibalism - that could save you from embarrassing local faux pas while travelling.- Amongst the Tartars the relations of the bride and bridegroom would traditionally divide into two groups and fight each other until some had suffered bleeding wounds. It was thought that causing blood to flow in this way would ensure the couple had strong sons.- In Hungary a cure for infertility was to beat a barren women with a stick, the stick having previously been used to separate mating dogs.- In some Aboriginal tribes of New South Wales it was believed that men who had any contact with their mothers-in-law would suffer terrible hard luck. The threat was so great that married men even avoided looking in their mother-in-law's general direction.
521 8# - TARGET AUDIENCE NOTE
Target audience note 790 <br/>
Source Lexile estimate <br/>
521 8# - TARGET AUDIENCE NOTE
Target audience note S <br/>
Source Raz-Plus <br/>
650 ## - SUBJECT ADDED ENTRY--TOPICAL TERM
Topical term or geographic name entry element cultural studies
Form subdivision non-fiction
942 ## - ADDED ENTRY ELEMENTS (KOHA)
Source of classification or shelving scheme Dewey Decimal Classification
Koha item type Books
Suppress in OPAC No
Holdings
Withdrawn status Lost status Source of classification or shelving scheme Damaged status Not for loan Collection Home library Current library Shelving location Date acquired Total Checkouts Full call number Barcode Date last seen Price effective from Koha item type
    Dewey Decimal Classification     Non-Fiction Footprints International School Library Network Toul Kork Campus Footprints International School Library Network Toul Kork Campus TTP Secondary Non-Fiction Bookshelves 09/27/2024   ARN 390 FIS00919 09/27/2024 09/27/2024 Books